[Event "XX Festival B"]
[Site "Robecchetto con Induno ITA"]
[Date "2009.12.29"]
[Round "5"]
[White "Zito, Riccardo"]
[Black "Rossi, Giampiero"]
[Result "0-1"]
[WhiteElo "1728"]
[BlackElo "1936"]
[PlyCount "71"]
[EventDate "2009.12.27"]

1. e4 c5 2. Nf3 e6 3. d4 cxd4 4. Nxd4 a6 5. Nc3 Qc7 6. Be2 Nf6 7. Be3 Bb4 8.
Qd3 Nxe4 9. Bd2 Nxd2 10. Qxd2 d5 11. a3 Bxc3 12. bxc3 Nd7 13. Nf3 Nf6 14. Bd3
Bd7 15. Nd4 O-O 16. f3 Rfc8 17. Ne2 Bb5 18. g4 Bxd3 19. cxd3 b5 20. h4 e5 21.
h5 Re8 22. O-O-O d4 23. g5 Nd5 24. Kb2 dxc3+ 25. Nxc3 Qxc3+ 26. Qxc3 Nxc3 27.
Kxc3 Rac8+ 28. Kb4 Re6 29. h6 gxh6 30. gxh6 Rcc6 31. Rdg1+ Kf8 32. Rg7 Rxh6 33.
Rxh7 Rxh1 34. Rxh1 Rf6 35. Rf1 Rf4+ 36. Ka5 0-1

[Event "XX Festival B"]
[Site "Robecchetto con Induno ITA"]
[Date "2009.12.30"]
[Round "6"]
[White "Autino, Massimiliano"]
[Black "Fortunato, Lorenzo"]
[Result "1-0"]
[WhiteElo "1823"]
[BlackElo "1841"]
[PlyCount "99"]
[EventDate "2009.12.27"]

1. c4 g6 2. Nc3 Bg7 3. g3 d6 4. Bg2 Nd7 5. d3 Rb8 6. e3 Ngf6 7. Nge2 O-O 8. O-O
a6 9. Rb1 b5 10. cxb5 axb5 11. Nd4 Bb7 12. Bxb7 Rxb7 13. Ndxb5 c6 14. Nd4 Qc7
15. Bd2 Rfb8 16. Qc2 Nc5 17. Nde2 Qc8 18. d4 Na6 19. a3 Rb3 20. Nc1 Qh3 21. f3
R3b7 22. b4 c5 23. dxc5 dxc5 24. b5 Nc7 25. a4 Nh5 26. Nd3 c4 27. Nf2 Qe6 28.
Nce4 Qd5 29. Rfd1 f5 30. Bc3 Qf7 31. Nc5 Nd5 32. Rxd5 Qxd5 33. Nxb7 Rxb7 34.
Bxg7 Nxg7 35. Kg2 Ne6 36. e4 Qc5 37. exf5 Nd4 38. Qe4 Nxf5 39. Qxb7 c3 40. Qc6
Qd4 41. b6 Ne3+ 42. Kg1 c2 43. Rc1 Kf7 44. Rxc2 Nxc2 45. Qxc2 Qxb6 46. Qc4+ e6
47. Kg2 Ke7 48. Qh4+ Kf7 49. Qxh7+ Kf6 50. Ng4+ 1-0

[Event "XX Festival B"]
[Site "Robecchetto con Induno ITA"]
[Date "2009.12.30"]
[Round "6"]
[White "Barazza, Remo"]
[Black "Clerici, Samuele"]
[Result "1/2-1/2"]
[WhiteElo "1545"]
[BlackElo "1776"]
[PlyCount "54"]
[EventDate "2009.12.27"]

1. d4 d5 2. c4 c6 3. e3 Nf6 4. Nf3 Bg4 5. cxd5 cxd5 6. Be2 e6 7. O-O Bd6 8. b3
Nc6 9. Ba3 O-O 10. Bxd6 Qxd6 11. Nh4 Bxe2 12. Qxe2 Rac8 13. Nc3 Nb4 14. Rac1 a6
15. a3 Nc6 16. b4 b5 17. Rc2 Rc7 18. Rfc1 Rfc8 19. Nf3 Ne7 20. Nd1 Nd7 21. Nb2
Nb6 22. Qd3 Rxc2 23. Rxc2 Rxc2 24. Qxc2 Qc6 25. Qd2 Nc4 26. Nxc4 dxc4 27. Qc2
g6 1/2-1/2

[Event "XX Festival B"]
[Site "Robecchetto con Induno ITA"]
[Date "2009.12.30"]
[Round "6"]
[White "Brioschi, Camillo"]
[Black "Tortolini, Francesco"]
[Result "0-1"]
[WhiteElo "1823"]
[BlackElo "1905"]
[PlyCount "95"]
[EventDate "2009.12.27"]

1. d4 e6 2. c4 Nf6 3. Nc3 Bb4 4. e3 Ne4 5. Qc2 f5 6. a3 Bxc3+ 7. bxc3 b6 8. Nf3
Bb7 9. Be2 O-O 10. O-O d6 11. Nd2 Nd7 12. Nxe4 Bxe4 13. Bd3 Qh4 14. f3 Bxd3 15.
Qxd3 Rf6 16. g3 Rg6 17. Rf2 Rf8 18. Rg2 Qh5 19. Qe2 e5 20. Bd2 e4 21. fxe4 Qxe2
22. Rxe2 fxe4 23. Rf2 Rxf2 24. Kxf2 Rf6+ 25. Kg2 h5 26. Rf1 Rxf1 27. Kxf1 g5
28. h3 g4 29. h4 Kf7 30. a4 c6 31. Bc1 a6 32. Ba3 Ke6 33. Ke2 c5 34. Kd2 d5 35.
a5 cxd4 36. exd4 dxc4 37. Ke3 Kf5 38. d5 Ke5 39. axb6 Nxb6 40. d6 Nd5+ 41. Kd2
Ke6 42. Bc5 a5 43. Ba3 a4 44. Bc5 e3+ 45. Ke2 Kd7 46. Ba3 Nxc3+ 47. Kxe3 Nb5
48. Bb2 0-1

[Event "XX Festival B"]
[Site "Robecchetto con Induno ITA"]
[Date "2009.12.30"]
[Round "6"]
[White "Collaro, Paolo"]
[Black "Petrone, Gianmario"]
[Result "1/2-1/2"]
[WhiteElo "1643"]
[BlackElo "1736"]
[PlyCount "55"]
[EventDate "2009.12.27"]

1. e4 c5 2. a3 d6 3. b4 cxb4 4. axb4 a6 5. Nc3 e6 6. Nf3 Nf6 7. d4 b6 8. d5 Bb7
9. dxe6 fxe6 10. e5 dxe5 11. Qxd8+ Kxd8 12. Nxe5 Bxb4 13. Bd2 Ke7 14. Rb1 Bxc3
15. Bxc3 b5 16. Bb4+ Ke8 17. Bd3 Nbd7 18. Nxd7 Kxd7 19. Rd1 Ke8 20. O-O Nd5 21.
Bd2 Kf7 22. Rfe1 b4 23. Be4 a5 24. Rb1 Ra7 25. Ra1 h6 26. Bxd5 Bxd5 27. Bxb4 a4
28. Ra3 1/2-1/2

[Event "XX Festival B"]
[Site "Robecchetto con Induno ITA"]
[Date "2009.12.30"]
[Round "6"]
[White "Colombo, Luca"]
[Black "Alberio, Silvio"]
[Result "0-1"]
[WhiteElo "1886"]
[BlackElo "1723"]
[PlyCount "66"]
[EventDate "2009.12.27"]

1. e4 c5 2. Nc3 Nc6 3. g3 g6 4. d3 d6 5. Bg2 Bg7 6. Be3 e6 7. Qd2 Rb8 8. Nge2
Nd4 9. Nc1 b5 10. Nd1 b4 11. c3 bxc3 12. bxc3 Nc6 13. O-O Nge7 14. h3 Ba6 15.
g4 e5 16. Ne2 O-O 17. f4 exf4 18. Nxf4 Ne5 19. Nf2 Qa5 20. Rab1 N5c6 21. Ne2
Ne5 22. c4 Qa3 23. Nc3 Nxc4 24. dxc4 Qxc3 25. Rxb8 Rxb8 26. Qxd6 Rf8 27. Bxc5
Bxc4 28. Qxe7 Bxf1 29. Bxf1 Qg3+ 30. Bg2 Rb8 31. Nd1 Qe1+ 32. Kh2 Qxd1 33. Qxa7
Be5# 0-1

[Event "XX Festival B"]
[Site "Robecchetto con Induno ITA"]
[Date "2009.12.30"]
[Round "6"]
[White "Macchiettini, Pierangelo"]
[Black "Cervini, Gian Piero"]
[Result "1/2-1/2"]
[WhiteElo "1682"]
[BlackElo "1765"]
[PlyCount "82"]
[EventDate "2009.12.27"]

1. d4 Nf6 2. c4 g6 3. Nc3 Bg7 4. e4 d6 5. Be2 O-O 6. f4 c5 7. d5 e6 8. Nf3 exd5
9. cxd5 Re8 10. Qc2 Qa5 11. O-O Na6 12. a3 Rb8 13. Rb1 b5 14. Re1 b4 15. Bxa6
bxc3 16. Bxc8 Rexc8 17. bxc3 Rxb1 18. Qxb1 Qxc3 19. Bb2 Qb3 20. Bxf6 Qxb1 21.
Rxb1 Bxf6 22. e5 dxe5 23. fxe5 Bd8 24. d6 Bb6 25. Kf1 Kf8 26. Ke2 Ke8 27. Kd3
h6 28. Ke4 Kd7 29. Kd5 c4 30. Nd2 c3 31. Nb3 c2 32. Rf1 Ke8 33. d7+ Kxd7 34.
Rxf7+ Ke8 35. Rh7 Rd8+ 36. Ke6 Kf8 37. Kf6 Kg8 38. Rg7+ Kh8 39. Rxg6 Be3 40.
Rg3 Rd3 41. Kf7 Rxb3 1/2-1/2

[Event "XX Festival B"]
[Site "Robecchetto con Induno ITA"]
[Date "2009.12.30"]
[Round "6"]
[White "Madaschi, Sergio"]
[Black "Mondini, Francesco"]
[Result "0-1"]
[WhiteElo "1587"]
[BlackElo "1477"]
[PlyCount "84"]
[EventDate "2009.12.27"]

1. e4 e6 2. d4 d5 3. Nc3 Nf6 4. e5 Nfd7 5. f4 c5 6. Nf3 Nc6 7. Bb5 cxd4 8. Nxd4
Nxd4 9. Bxd7+ Bxd7 10. Qxd4 Qc7 11. Be3 Be7 12. O-O O-O 13. Rad1 f6 14. Kh1 b6
15. Rde1 Rf7 16. Bd2 Raf8 17. exf6 Bxf6 18. Qd3 Be7 19. Rf3 Bc5 20. Nb5 Qb8 21.
Nd4 Re8 22. Rh3 g6 23. Nf3 e5 24. Nxe5 Bxh3 25. Nxf7 d4 26. Rxe8+ Qxe8 27. Nh6+
Kg7 28. Qxh3 Qe2 29. Nf5+ Kh8 30. g4 Qd1+ 31. Kg2 Qxd2+ 32. Kg3 Qe1+ 33. Kf3
gxf5 34. gxf5 Qe3+ 35. Kg4 Qxh3+ 36. Kxh3 Kg7 37. Kg4 Kf6 38. h4 h6 39. h5 a5
40. a4 Bd6 41. b3 Bc7 42. b4 axb4 0-1

[Event "XX Festival B"]
[Site "Robecchetto con Induno ITA"]
[Date "2009.12.30"]
[Round "6"]
[White "Marchesotti, Giovanni"]
[Black "Pandini, Giuseppe"]
[Result "1/2-1/2"]
[WhiteElo "1617"]
[BlackElo "1702"]
[PlyCount "79"]
[EventDate "2009.12.27"]

1. Nf3 b6 2. c4 e6 3. Nc3 Bb7 4. e3 Nf6 5. Be2 Be7 6. O-O O-O 7. b3 d6 8. Bb2
Nbd7 9. d4 Ne8 10. Nd2 f5 11. f4 Rf6 12. Bf3 Bxf3 13. Nxf3 Rg6 14. e4 fxe4 15.
Nxe4 Nef6 16. Nfg5 Nxe4 17. Nxe4 Qf8 18. Qe2 Re8 19. Rf3 d5 20. Nf2 Bd6 21. Rf1
Nf6 22. Nd3 Ne4 23. Qc2 Rf6 24. Ne5 Qe7 25. Nc6 Qd7 26. Ne5 Qc8 27. Bc1 Ref8
28. Ng4 Rf5 29. Ne3 Rxf4 30. Rxf4 Rxf4 31. Rxf4 Bxf4 32. Nxd5 Bxh2+ 33. Kxh2
exd5 34. cxd5 Nd6 35. Bf4 Qd8 36. Kg1 Nb5 37. Qc4 Nd6 38. Bxd6 cxd6 39. Qc6 a5
40. a4 1/2-1/2

[Event "XX Festival B"]
[Site "Robecchetto con Induno ITA"]
[Date "2009.12.30"]
[Round "6"]
[White "Moroni, Luca jr"]
[Black "Bongiorni, Gabriele"]
[Result "1-0"]
[WhiteElo "1572"]
[BlackElo "1804"]
[PlyCount "107"]
[EventDate "2009.12.27"]

1. e4 c5 2. Nf3 g6 3. d4 cxd4 4. Nxd4 Bg7 5. Be3 Nc6 6. Nc3 Nf6 7. Bc4 d6 8. f3
Bd7 9. Qd2 O-O 10. O-O-O Rb8 11. h4 b5 12. Ncxb5 Na5 13. Bd3 e5 14. Nb3 Nxb3+
15. axb3 Bxb5 16. c4 Qc7 17. Bc2 Bd7 18. Qxd6 Qxd6 19. Rxd6 Be6 20. Kb1 Rfd8
21. Rxd8+ Rxd8 22. Bxa7 Rd7 23. Be3 Bf8 24. Rd1 Rxd1+ 25. Bxd1 Nd7 26. Be2 Bb4
27. Kc2 f5 28. Bd2 Bxd2 29. exf5 Bxf5+ 30. Kxd2 Kf7 31. b4 Ke6 32. b3 Kd6 33.
c5+ Kc6 34. Bc4 Nf6 35. g4 Bd7 36. Ke3 Be8 37. g5 Nd7 38. Ke4 Kc7 39. Bd5 Nb8
40. Kxe5 Nc6+ 41. Kf6 Nxb4 42. Bg8 Nd3 43. Bxh7 Nf4 44. Ke5 Nd3+ 45. Kd4 Nf4
46. Ke5 Nd3+ 47. Kd4 Nf4 48. Ke4 Ne6 49. Ke5 Nxc5 50. Kf6 Nxb3 51. Bxg6 Kd8 52.
h5 Nd4 53. Bxe8 Kxe8 54. h6 1-0

[Event "XX Festival B"]
[Site "Robecchetto con Induno ITA"]
[Date "2009.12.30"]
[Round "6"]
[White "Motola, Jacopo"]
[Black "Bencivenga, Antonio"]
[Result "1-0"]
[WhiteElo "1455"]
[BlackElo "1353"]
[PlyCount "93"]
[EventDate "2009.12.27"]

1. e4 e6 2. d4 d5 3. e5 c5 4. c3 Ne7 5. Nf3 Ng6 6. Be3 Be7 7. dxc5 a6 8. b4 O-O
9. Qd2 Nd7 10. Bd4 Qc7 11. Qe3 Rb8 12. a4 b6 13. cxb6 Nxb6 14. Bxb6 Rxb6 15. a5
Rc6 16. Be2 Bxb4 17. cxb4 Rc1+ 18. Bd1 Bd7 19. O-O Bb5 20. Be2 Rxf1+ 21. Bxf1
Rc8 22. Bxb5 axb5 23. g3 Ne7 24. Na3 Rb8 25. Rc1 Qd8 26. Nd4 Qe8 27. Rc7 Ng6
28. f4 Ne7 29. Qc3 g6 30. Qc5 Nf5 31. Nxf5 gxf5 32. Qe7 d4 33. Qxe8+ Rxe8 34.
Rd7 Rc8 35. Rxd4 Rc1+ 36. Kg2 Ra1 37. Nxb5 Ra2+ 38. Kh3 f6 39. exf6 Kf7 40. Rd6
Kxf6 41. a6 Rc2 42. a7 Rc8 43. Rb6 h5 44. Rb8 Rc4 45. a8=Q Rxb4 46. Rf8+ Ke7
47. Qd8# 1-0

[Event "XX Festival B"]
[Site "Robecchetto con Induno ITA"]
[Date "2009.12.30"]
[Round "6"]
[White "Oteri, Aldo"]
[Black "Merlotti, Marco"]
[Result "0-1"]
[WhiteElo "1826"]
[BlackElo "1661"]
[PlyCount "62"]
[EventDate "2009.12.27"]

1. e4 c5 2. Nf3 e6 3. d4 cxd4 4. Nxd4 Nf6 5. Nc3 d6 6. g4 h6 7. h4 Nc6 8. Rg1
d5 9. g5 hxg5 10. hxg5 Nxd4 11. gxf6 Qxf6 12. Bg5 Nf3+ 13. Qxf3 Qxf3 14. Be2
Qh3 15. O-O-O Qh2 16. exd5 a6 17. Be3 Bd6 18. dxe6 Bxe6 19. Bf3 O-O-O 20. Kb1
Be5 21. Rde1 Bxc3 22. bxc3 Qd6 23. Bc1 Qb6+ 24. Bb2 Rh4 25. Ka1 Qa5 26. a3 Ra4
27. c4 Rxa3+ 28. Bxa3 Qxa3+ 29. Kb1 Bxc4 30. Re3 Qa2+ 31. Kc1 Qa1# 0-1

[Event "XX Festival B"]
[Site "Robecchetto con Induno ITA"]
[Date "2009.12.30"]
[Round "6"]
[White "Pennati, Roberto"]
[Black "Vuckovic, Dimitrije"]
[Result "1-0"]
[WhiteElo "1697"]
[BlackElo "1545"]
[PlyCount "81"]
[EventDate "2009.12.27"]

1. c4 g6 2. g3 Bg7 3. Bg2 Nf6 4. d4 d5 5. Nc3 c6 6. b3 O-O 7. Nf3 Nfd7 8. O-O
a6 9. Bg5 Re8 10. Qc2 Qc7 11. Rac1 e6 12. Qd2 e5 13. cxd5 c5 14. dxe5 Nxe5 15.
Nxe5 Qxe5 16. Bf4 Qf5 17. Rfe1 h5 18. e4 Qd7 19. Na4 Qe7 20. Bg5 Qe5 21. Nxc5
b6 22. Na4 Nd7 23. Be3 b5 24. Nc5 Qb8 25. Bf4 Qb6 26. b4 Ne5 27. Bxe5 Rxe5 28.
d6 Ra7 29. d7 Qd8 30. dxc8=Q Qxc8 31. Red1 Kh7 32. Qd8 Qg4 33. f3 Qg5 34. Qxg5
Rxg5 35. f4 Rxc5 36. bxc5 Rc7 37. c6 b4 38. Rd7 Rc8 39. e5 Kg8 40. c7 Bf8 41.
Rd8 1-0

[Event "XX Festival B"]
[Site "Robecchetto con Induno ITA"]
[Date "2009.12.30"]
[Round "6"]
[White "Puricelli, Giancarlo"]
[Black "Rossini, Luca"]
[Result "1/2-1/2"]
[WhiteElo "1631"]
[BlackElo "1751"]
[PlyCount "52"]
[EventDate "2009.12.27"]

1. d4 Nf6 2. Nf3 e6 3. e3 d5 4. Bd3 Nbd7 5. O-O Bd6 6. c3 O-O 7. Nbd2 b6 8. e4
dxe4 9. Nxe4 Be7 10. Nxf6+ Nxf6 11. Bf4 Bb7 12. Re1 c5 13. Be3 Rc8 14. Qe2 Nd5
15. Ba6 Qc7 16. dxc5 Nxe3 17. Bxb7 Qxb7 18. Qxe3 Bxc5 19. Qe4 Qxe4 20. Rxe4
Rfd8 21. Ree1 Rd5 22. Rad1 Rcd8 23. Rxd5 Rxd5 24. Kf1 Kf8 25. Re2 Rd1+ 26. Re1
Rd5 1/2-1/2

[Event "XX Festival B"]
[Site "Robecchetto con Induno ITA"]
[Date "2009.12.30"]
[Round "6"]
[White "Revinelli, Sergio"]
[Black "Santelli, Francesco"]
[Result "0-1"]
[WhiteElo "1850"]
[BlackElo "1824"]
[PlyCount "62"]
[EventDate "2009.12.27"]

1. e4 c5 2. Nf3 Nc6 3. d4 cxd4 4. Nxd4 e5 5. Nb5 d6 6. c4 a6 7. N5a3 Nf6 8. Nc3
Be7 9. Bd3 O-O 10. O-O Be6 11. Kh1 Rc8 12. Nd5 Bxd5 13. cxd5 Nb4 14. Bg5 Nd7
15. Bxe7 Qxe7 16. Nc2 Nxc2 17. Bxc2 Rc7 18. Rc1 Rfc8 19. Qd2 Qf6 20. Bb1 Rxc1
21. Rxc1 Rxc1+ 22. Qxc1 Qxf2 23. h3 Qc5 24. Qg5 Nf6 25. Kh2 h6 26. Qf5 Qc1 27.
Kg3 Qxb1 28. Qc8+ Kh7 29. Qf5+ Kh8 30. Qc8+ Ng8 31. Qd7 Qxe4 0-1

[Event "XX Festival B"]
[Site "Robecchetto con Induno ITA"]
[Date "2009.12.30"]
[Round "6"]
[White "Ronconi, Fausto"]
[Black "Sala, Gianni"]
[Result "1/2-1/2"]
[WhiteElo "1778"]
[BlackElo "1874"]
[PlyCount "122"]
[EventDate "2009.12.27"]

1. d4 Nf6 2. c4 e6 3. a3 d5 4. Bf4 Bd6 5. Bg5 c6 6. Nc3 O-O 7. e3 Nbd7 8. cxd5
exd5 9. Bd3 Re8 10. Nf3 Nf8 11. O-O Bg4 12. Be2 h6 13. Bh4 Ng6 14. Bg3 Nh5 15.
Bxd6 Qxd6 16. Nd2 Bxe2 17. Nxe2 Re6 18. Ng3 Nxg3 19. hxg3 Rae8 20. Nf3 Re4 21.
Nd2 R4e7 22. Nf3 Qf6 23. Nh2 Nf8 24. Qf3 Qe6 25. Qg4 Qd6 26. Qf4 Qd7 27. Ng4
Ne6 28. Qf5 Nxd4 29. Qxd7 Ne2+ 30. Kh1 Rxd7 31. Rae1 Nxg3+ 32. fxg3 Rde7 33.
Rf3 c5 34. Rf5 Rd8 35. Rd1 d4 36. Rxc5 Re4 37. Rxd4 Rdxd4 38. Nxh6+ gxh6 39.
exd4 Rxd4 40. Rc7 b6 41. Rxa7 Rd1+ 42. Kh2 Rd2 43. b4 Rd3 44. a4 Rd4 45. b5 h5
46. Ra6 Kg7 47. Kh3 f6 48. Kh2 Kg6 49. Rxb6 Rxa4 50. Rb8 Rb4 51. b6 Kf5 52. b7
Rb1 53. Rh8 Rxb7 54. Rxh5+ Kg6 55. Ra5 Rb1 56. g4 Re1 57. Kg3 Rb1 58. Rf5 Rb2
59. Kh3 Rb8 60. Kh4 Rb1 61. Rf3 Rb8 1/2-1/2

[Event "XX Festival B"]
[Site "Robecchetto con Induno ITA"]
[Date "2009.12.30"]
[Round "6"]
[White "Rossi, Giampiero"]
[Black "Giunto, Andrea"]
[Result "1/2-1/2"]
[WhiteElo "1936"]
[BlackElo "1934"]
[PlyCount "77"]
[EventDate "2009.12.27"]

1. d4 Nf6 2. c4 g6 3. g3 Bg7 4. Bg2 d6 5. Nc3 O-O 6. Nf3 c5 7. dxc5 dxc5 8.
Qxd8 Rxd8 9. Be3 Na6 10. Rc1 Nh5 11. O-O Bd7 12. Nd2 Rab8 13. Nde4 b6 14. b3 h6
15. f4 f5 16. Nf2 Nc7 17. Nd5 Nxd5 18. Bxd5+ e6 19. Bf3 Nf6 20. Rfd1 Be8 21.
Rxd8 Rxd8 22. Rd1 Rxd1+ 23. Nxd1 Kf7 24. Bd2 Nd7 25. Bc3 Bxc3 26. Nxc3 Nf6 27.
Kf2 Ke7 28. e4 fxe4 29. Nxe4 Nxe4+ 30. Bxe4 Kf6 31. Ke3 g5 32. Bd3 Bc6 33. Be4
Be8 34. Bd3 Bc6 35. Be4 Be8 36. Bd3 Bh5 37. Bc2 Bg4 38. Bd3 Bh3 39. Bc2 1/2-1/2

[Event "XX Festival B"]
[Site "Robecchetto con Induno ITA"]
[Date "2009.12.30"]
[Round "6"]
[White "Spornberger, Andre"]
[Black "Conta, Diego"]
[Result "1-0"]
[WhiteElo "1777"]
[BlackElo "1749"]
[PlyCount "85"]
[EventDate "2009.12.27"]

1. d4 d5 2. Bf4 Nf6 3. e3 Bf5 4. Nf3 e6 5. c4 Bb4+ 6. Nc3 O-O 7. Qb3 Nc6 8. a3
Bxc3+ 9. Qxc3 h6 10. h3 dxc4 11. Bxc4 Nd5 12. Bxd5 Qxd5 13. Qd2 Be4 14. Qe2
Rac8 15. O-O g5 16. Bh2 Bxf3 17. Qxf3 Qxf3 18. gxf3 Rfd8 19. Rac1 Rd5 20. f4
Kh7 21. fxg5 Rxg5+ 22. Kh1 Rh5 23. Kg2 Rg8+ 24. Bg3 Rhg5 25. Kh1 Rc8 26. Kh2 f6
27. b4 a6 28. Rfd1 Rcg8 29. h4 R5g7 30. Kh3 Na7 31. Rd2 Nb5 32. a4 Nd6 33. Rdc2
Rd7 34. Rxc7 Rgg7 35. Rxd7 Rxd7 36. Bxd6 Rxd6 37. Rc7+ Kg6 38. Rxb7 e5 39. dxe5
fxe5 40. a5 Kf5 41. Rb6 Ke6 42. Rxd6+ Kxd6 43. Kg4 1-0

[Event "XX Festival B"]
[Site "Robecchetto con Induno ITA"]
[Date "2009.12.30"]
[Round "6"]
[White "Spornberger, Peter"]
[Black "Gonella, Graziano"]
[Result "1-0"]
[WhiteElo "1604"]
[BlackElo "1179"]
[PlyCount "105"]
[EventDate "2009.12.27"]

1. e4 e5 2. Nf3 Nc6 3. d4 d6 4. Bc4 Bg4 5. Be3 Nf6 6. dxe5 dxe5 7. Nc3 Qxd1+ 8.
Rxd1 Bb4 9. O-O O-O 10. Nd5 Bd6 11. Nxf6+ gxf6 12. Kh1 Na5 13. Be2 f5 14. exf5
Bxf5 15. c3 Be6 16. b3 Nc6 17. Bd3 a5 18. Bh6 Rfd8 19. Ng5 Bg4 20. f3 Bh5 21.
Nxh7 Bg6 22. Nf6+ Kh8 23. Bxg6 fxg6 24. Bg5 Rdc8 25. Ne4 Bf8 26. Rd7 b6 27. Nf6
Bg7 28. Nd5 Ra7 29. Re1 Kg8 30. Rd1 Kf8 31. Bf6 Bh6 32. Rh7 Bf4 33. Rh8+ Kf7
34. Rxc8 Ke6 35. g3 Bh6 36. Rh8 Bf4 37. gxf4 exf4 38. Bg5 Ne5 39. Nxf4+ Kf5 40.
Nh3 Nf7 41. Rf8 Ke6 42. Re1+ Kd7 43. Rxf7+ Kc6 44. c4 a4 45. b4 b5 46. Re6+ Kb7
47. c5 Ra8 48. Bf4 Rc8 49. Rb6+ Ka7 50. Bxc7 Rxc7 51. Rxc7+ Ka8 52. Rf7 g5 53.
Rg6 1-0

[Event "XX Festival B"]
[Site "Robecchetto con Induno ITA"]
[Date "2009.12.30"]
[Round "6"]
[White "Tamassia, Gabriele"]
[Black "Costantino, Gian Franco"]
[Result "1/2-1/2"]
[WhiteElo "1773"]
[BlackElo "1572"]
[PlyCount "84"]
[EventDate "2009.12.27"]

1. c4 Nf6 2. Nc3 g6 3. g3 Bg7 4. Bg2 O-O 5. d3 d6 6. Nf3 c6 7. Bg5 h6 8. Bxf6
Bxf6 9. Qd2 Bg7 10. O-O Qa5 11. Rfc1 Qh5 12. Qe3 Bxc3 13. Rxc3 e5 14. c5 d5 15.
Qxe5 Qxe5 16. Nxe5 Re8 17. d4 Nd7 18. Nxd7 Bxd7 19. e3 Bf5 20. a4 a5 21. Rb3
Re7 22. Rb6 Bc2 23. b3 Ra6 24. Ra3 Rxb6 25. cxb6 f5 26. Kf1 g5 27. Ke2 f4 28.
Kd2 fxe3+ 29. fxe3 Rf7 30. Ke2 g4 31. h3 h5 32. Ke1 Kg7 33. h4 Kf8 34. Ke2 Ke7
35. Ra1 Bxb3 36. e4 dxe4 37. Bxe4 Rf6 38. Ke3 Kd6 39. Ra3 Bd5 40. Kd3 Rf1 41.
Ke2 Bc4+ 42. Ke3 Bd5 1/2-1/2

[Event "XX Festival B"]
[Site "Robecchetto con Induno ITA"]
[Date "2009.12.30"]
[Round "6"]
[White "Testa, Loris"]
[Black "Foroni, Francesco"]
[Result "1/2-1/2"]
[WhiteElo "1841"]
[BlackElo "1911"]
[PlyCount "77"]
[EventDate "2009.12.27"]

1. e4 Nc6 2. d4 d5 3. exd5 Qxd5 4. Be3 e5 5. Nc3 Bb4 6. a3 Bxc3+ 7. bxc3 Nf6 8.
Qf3 O-O 9. Qxd5 Nxd5 10. Kd2 Bf5 11. Bd3 Bxd3 12. cxd3 exd4 13. cxd4 Rfe8 14.
Nf3 Rad8 15. Rab1 b6 16. Rhc1 Nce7 17. Ne5 f6 18. Nc6 Nxc6 19. Rxc6 Kf7 20.
Rbc1 Re6 21. g3 Rxc6 22. Rxc6 Rd6 23. Rxd6 cxd6 24. h3 Ke6 25. Kc2 Nxe3+ 26.
fxe3 b5 27. Kc3 a5 28. e4 f5 29. Kd2 g5 30. Ke3 h6 31. Kf3 d5 32. exf5+ Kxf5
33. g4+ Ke6 34. Ke3 Kd6 35. Kd2 Kc6 36. Kc3 b4+ 37. axb4 a4 38. Kb2 Kb6 39. Ka2
1/2-1/2

[Event "XX Festival B"]
[Site "Robecchetto con Induno ITA"]
[Date "2009.12.30"]
[Round "6"]
[White "Torretta, Gilberto"]
[Black "Astanovskaya, Yulia"]
[Result "0-1"]
[WhiteElo "1683"]
[BlackElo "1951"]
[PlyCount "34"]
[EventDate "2009.12.27"]

1. e4 d5 2. exd5 Nf6 3. d4 Nxd5 4. c4 Nb6 5. Nc3 g6 6. Be3 Bg7 7. g3 O-O 8. b3
c5 9. Nge2 Bg4 10. h3 Bf3 11. Rg1 Nc6 12. Qc2 cxd4 13. Rd1 e5 14. Bc1 Nb4 15.
Qb2 d3 16. Bg2 Qf6 17. Bg5 Qxg5 0-1

[Event "XX Festival B"]
[Site "Robecchetto con Induno ITA"]
[Date "2009.12.30"]
[Round "6"]
[White "Tosetto, Flavio"]
[Black "Di Chiara, Mauro"]
[Result "0-1"]
[WhiteElo "1647"]
[BlackElo "1864"]
[PlyCount "86"]
[EventDate "2009.12.27"]

1. e4 d6 2. f4 Nf6 3. Nc3 g6 4. Nf3 Bg7 5. Be2 O-O 6. d3 c5 7. O-O Nc6 8. a3
Rb8 9. Bd2 b5 10. h3 a6 11. Qc1 b4 12. Nd5 bxa3 13. Nxf6+ Bxf6 14. b3 Nd4 15.
Nxd4 Bxd4+ 16. Kh2 Bxa1 17. Qxa1 f6 18. Qxa3 e5 19. Qc1 Bd7 20. Rg1 Qe7 21. g4
exf4 22. Bxf4 g5 23. Be3 Rbe8 24. Bf3 d5 25. Bf2 dxe4 26. Bxe4 Bc6 27. Re1 Bxe4
28. Rxe4 Qd6+ 29. Bg3 Qd5 30. Qe3 Rxe4 31. dxe4 Qd4 32. Qxd4 cxd4 33. e5 Kf7
34. exf6 Kxf6 35. Kg2 Rc8 36. Kf3 Rc3+ 37. Kf2 Rxc2+ 38. Ke1 d3 39. Bd6 Ke6 40.
Bg3 Kd5 41. Kd1 Ke4 42. h4 Rg2 43. Bc7 gxh4 0-1

[Event "XX Festival B"]
[Site "Robecchetto con Induno ITA"]
[Date "2009.12.30"]
[Round "6"]
[White "Zito, Riccardo"]
[Black "Santarelli, Sabatino"]
[Result "0-1"]
[WhiteElo "1728"]
[BlackElo "1658"]
[PlyCount "102"]
[EventDate "2009.12.27"]

1. e4 c5 2. Nf3 d6 3. d4 cxd4 4. Nxd4 g6 5. Be3 Bg7 6. Nc3 Nf6 7. Be2 O-O 8. f3
Re8 9. Qd2 Bd7 10. O-O-O Nc6 11. g4 Nxd4 12. Bxd4 Bc6 13. h4 d5 14. g5 e5 15.
gxf6 exd4 16. fxg7 dxc3 17. Qxc3 Rc8 18. h5 Qg5+ 19. Kb1 dxe4 20. hxg6 Qxg6 21.
Rdg1 Qf5 22. f4 Ba4 23. Qe3 Rxc2 24. Rh6 Rxe2 25. Qxe2 e3+ 26. Ka1 Bb5 27. Rh5
Qd3 28. Qxd3 Bxd3 29. Rd5 e2 30. Re1 Re3 31. Rg5 Rf3 32. Rc1 Rf1 33. Rg1 Rxc1+
34. Rxc1 Kxg7 35. b3 h5 36. Kb2 Be4 37. Kc3 h4 38. Kd4 Bf3 39. Ke3 Bg4 40. Kf2
Kf6 41. Rh1 h3 42. Kg3 Kf5 43. b4 b5 44. a3 a6 45. Rc1 h2 46. Rc5+ Ke4 47. Kxh2
Kxf4 48. Rc1 Kf3 49. Kg1 Ke3 50. Re1 f5 51. Kg2 f4 0-1

[Event "XX Festival A"]
[Site "Robecchetto con Induno ITA"]
[Date "2009.12.27"]
[Round "1"]
[White "Aranovitch, Emiliano"]
[Black "Guidi, Maurizio"]
[Result "1/2-1/2"]
[WhiteElo "2371"]
[BlackElo "2042"]
[PlyCount "42"]
[EventDate "2009.12.27"]

1. e4 c5 2. Nf3 Nc6 3. Bb5 g6 4. O-O Bg7 5. Bxc6 bxc6 6. Re1 Nf6 7. c3 O-O 8.
d4 cxd4 9. cxd4 d6 10. h3 a6 11. Nc3 h6 12. Be3 Bd7 13. b3 Qb8 14. Rc1 Qb7 15.
Qd2 Kh7 16. e5 dxe5 17. dxe5 Nd5 18. Na4 Qb4 19. Nc5 Bf5 20. Na4 Qxd2 21. Bxd2
Nf4 1/2-1/2

[Event "XX Festival A"]
[Site "Robecchetto con Induno ITA"]
[Date "2009.12.27"]
[Round "1"]
[White "Astengo, Corrado"]
[Black "Virzi, Ettore"]
[Result "1/2-1/2"]
[WhiteElo "2110"]
[BlackElo "1974"]
[PlyCount "45"]
[EventDate "2009.12.27"]

1. Nf3 Nf6 2. c4 g6 3. Nc3 Bg7 4. e4 d6 5. d4 O-O 6. Be2 e5 7. Be3 c6 8. h3 Na6
9. dxe5 dxe5 10. Qxd8 Rxd8 11. O-O Be6 12. Rad1 Nd7 13. a3 Bf8 14. b4 Nc7 15.
Rd2 Be7 16. Rfd1 f6 17. Na4 b6 18. Nh2 Nf8 19. Rxd8 Rxd8 20. Rxd8 Bxd8 21. c5
b5 22. Nb2 Nd7 23. Nf3 1/2-1/2

[Event "XX Festival A"]
[Site "Robecchetto con Induno ITA"]
[Date "2009.12.27"]
[Round "1"]
[White "Bernasconi, Roberto"]
[Black "Brigati, Alessandro"]
[Result "1/2-1/2"]
[WhiteElo "1941"]
[BlackElo "2086"]
[PlyCount "128"]
[EventDate "2009.12.27"]

1. e4 d6 2. d4 Nf6 3. Nc3 g6 4. Nf3 Bg7 5. Be2 O-O 6. O-O Bg4 7. Be3 c6 8. Qd2
Nbd7 9. Rad1 Qc7 10. Bh6 Rad8 11. Bxg7 Kxg7 12. Qe3 Bxf3 13. Bxf3 a6 14. Be2 e5
15. dxe5 dxe5 16. Rd2 Qb6 17. Qxb6 Nxb6 18. Rfd1 Rxd2 19. Rxd2 Rb8 20. f3 Kf8
21. Kf2 Ke7 22. Ke3 Nh5 23. g3 f6 24. b3 Ng7 25. Bf1 Ne6 26. Ne2 Rd8 27. Rxd8
Nxd8 28. Bh3 c5 29. c3 Kd6 30. Nc1 Nc6 31. Nd3 Na7 32. Kd2 a5 33. Nb2 Nb5 34.
Bf1 Nc7 35. Nc4+ Nxc4+ 36. Bxc4 b5 37. Bg8 h6 38. c4 Kc6 39. Kc3 g5 40. h4 gxh4
41. gxh4 b4+ 42. Kd2 Kd6 43. Ke3 Ke7 44. f4 Ne8 45. Kf3 Nd6 46. fxe5 fxe5 47.
Bd5 Kf6 48. Kg4 Kg6 49. Bc6 h5+ 50. Kf3 Kf7 51. Bd5+ Ke7 52. Bc6 Nf7 53. Bd5
Nh8 54. Bg8 Ng6 55. Bh7 Nf4 56. Bf5 Kf7 57. Bd7 Nd3 58. Ke3 Nc1 59. Kd2 Nxa2
60. Bc6 Nc3 61. Ke3 Ke7 62. Kd3 Kd8 63. Ke3 Kc7 64. Ba4 Kd8 1/2-1/2